Central Library OPAC University of Rajshahi

British aggression in Avadh : (Record no. 26768)

MARC details
000 -LEADER
fixed length control field 01058nam a2200265 4500
001 - CONTROL NUMBER
control field 26768
003 - CONTROL NUMBER IDENTIFIER
rucl marc code BD-RjUL
005 - DATE AND TIME OF LATEST TRANSACTION
control field 20211209051050.0
008 - FIXED-LENGTH DATA ELEMENTS--GENERAL INFORMATION
fixed length control field 140323s1969 ii b 001 0 eng
035 ## - SYSTEM CONTROL NUMBER
System control number (BD-RjUL)26839
040 ## - CATALOGING SOURCE
Original cataloging agency DLC
Transcribing agency DLC
Modifying agency BD-RjUL
Language of cataloging eng
041 ## - LANGUAGE CODE
Language code of text/sound track or separate title eng
082 00 - DEWEY DECIMAL CLASSIFICATION NUMBER
Classification number 954.2
Author mark and year MAB 1969
100 1# - MAIN ENTRY--PERSONAL NAME
Personal name Masih Uddin Khan, Mohammad
Dates associated with a name 1804-
9 (RLIN) 82262
245 10 - TITLE STATEMENT
Title British aggression in Avadh :
Remainder of title being the treatise of M. Mohammad Masih Uddin Khan Bahadur entitled, Oude, its princes, and its government vindicated /
Statement of responsibility, etc. Mohammad Masih Uddin Khan, printed by John Davy & Sons, London, in 1857 and suppressed by the British government. Edited with an introd. by Safi Ahmad. With a foreword by Mohammad Habib.
260 ## - PUBLICATION, DISTRIBUTION, ETC. (IMPRINT)
Place of publication, distribution, etc. Meerut :
Name of publisher, distributor, etc. Meenakshi Prakashan,
Date of publication, distribution, etc. c1969.
300 ## - PHYSICAL DESCRIPTION
Pagination xv, 179 p. ;
Size 23 cm.
504 ## - BIBLIOGRAPHY, ETC. NOTE
Bibliography, etc Include bibliography and index.
651 #0 - SUBJECT ADDED ENTRY--GEOGRAPHIC NAME
Geographic name Oudh (India)
General subdivision History.
9 (RLIN) 82263
700 1# - ADDED ENTRY--PERSONAL NAME
Personal name Ahmad, Safi
Relator term ed.
Personal name Habib, Mohammad
942 ## - ADDED ENTRY ELEMENTS (KOHA)
Source of classification or shelving scheme Dewey Decimal Classification
Koha item type Books
Holdings
Lost status Source of classification or shelving scheme Damaged status Not for loan Collection code Permanent Location Current Location Shelving location Date acquired Source of acquisition Total Checkouts Full call number Date last seen Copy number Koha item type
  Dewey Decimal Classification   Added to bundle Non-fiction Central Library, University of Rajshahi Central Library, University of Rajshahi Reading Room 25/06/1974 India Govt   954.2 MAB 1969 23/03/2014 C-1 Books